| 000 | 00732nam a2200265Ia 4500 | ||
|---|---|---|---|
| 001 | Para_1768 | ||
| 003 | CHAP | ||
| 008 | 220125sc199 xx 000 0 und d | ||
| 010 | _a200400 | ||
| 040 | _cCHAP | ||
| 082 | _aPA 632.58 D3 | ||
| 100 |
_aDavis, Linda W. _9165264 |
||
| 245 |
_aWeed sieds of Ure great plains : _b a handbook for identification / _c by Linda W. Davis |
||
| 260 |
_aUSA. : _b Kausas |
||
| 300 | _a145 p. | ||
| 650 |
_aMalas hierbas _x identificación _970020 |
||
| 650 | 7 |
_aMalas hierbas _xSemillas _2 _970037 |
|
| 901 | _aPA 632.58 D3 | ||
| 902 | _aA | ||
| 905 | _a000000c1993 a 0000000000 00 | ||
| 910 | _ac199 | ||
| 942 | _cPARA | ||
| 942 |
_cPARA _d1 |
||
| 999 |
_c200400 _d200400 |
||